000 00660nam a22001937a 4500
999 _c130064
_d130064
008 191118b ||||| |||| 00| 0 eng d
020 _a9780198250401
050 _aR725.5.W37 1997
100 _aWarren, Mary Anne
_948756
245 _aMoral status
_bobligations to persons and other living things
_cMary Anne Warren
260 _aOxford
_bOxford University Press
_c1997
300 _a265p. ;
_c22cm.
440 _aIssues in biomedical ethics
_948757
650 _aEuthanasia
_xMoral and ethical aspects
_95737
650 _aAbortion
_xMoral and ethical aspects
_917217
650 _aAnimal rights
_948758
650 _aDuty
_948759
942 _2lcc
_cMONOGRAPH